Lyrics Shirin David - Bauch Beine Po - Statistiken

Allgemein
  • Dieses Quiz wurde 225 mal gespielt
  • Das Durchschnittsergebnis liegt bei 180 aus 308
Antwortstatistiken
Antwort % Korrekt
bei
99%
ich
94%
Ich
94%
den
90%
ein
90%
zu
90%
und
88%
spät
87%
was
87%
Latte
86%
eine
85%
heute
85%
links
85%
Pilates
85%
rechts
85%
beim
84%
Küsschen
84%
Matcha
84%
mit
84%
Mit
84%
trag'
84%
in
83%
Scharfes
83%
an
82%
Po
81%
Bauch
80%
B-B-Bauch
80%
Beine
80%
wir
80%
Wir
80%
Iced
79%
im
78%
Angie
77%
Du
75%
du
75%
Carmen
74%
Frau
73%
Tina
73%
einer
72%
steige
72%
Takt
72%
Waffen
72%
ab
70%
Auf
70%
auf
70%
das
70%
Das
70%
laufen
70%
Zum
70%
Push
69%
push
69%
Rangie
68%
Dann
67%
Frühstück
66%
werde
66%
ein'n
65%
ist
65%
musst
65%
willst
65%
bin
64%
sie
64%
Body?
61%
hot
61%
pushen
61%
Bist
59%
mach'
59%
Werden
57%
Geh'
55%
gucken
55%
Bikini
54%
Hottie
54%
skinny
54%
(Ja)
53%
Show
53%
sind
53%
blond
52%
schlau
52%
aber
51%
daraus
51%
Champagnie
50%
Gymmie
49%
ins
49%
mir
48%
kann
44%
pretty
44%
bitches
41%
glaub
41%
nicht
39%
aus
38%
supermegahot
38%
it
36%
noch
33%
never
32%
These
32%
Tiger
32%
could
31%
Atme
29%
atme
29%
Mann
28%
(Uh)
28%
war
27%
Charlottenburger
25%
genug
25%
(Mwuah)
25%
Reiche
25%
reicheren
24%
tiefer
24%
zwei
24%
sucht
23%
Bottegie
22%
gib
22%
bisschen
21%
Ladys
21%
machst
21%
mich
21%
Venetie
21%
Girl
20%
gut
20%
shady
20%
Baby
19%
Beauty
18%
Business
18%
Distanz
18%
hat
18%
Komm
18%
of
18%
out
18%
eighty
17%
jung
17%
office
17%
Caratie
16%
Clean
16%
fürs
16%
Programm
16%
yuh
16%
Yuh (Haha)
16%
Aesthetic
15%
Lunch
15%
ruf
15%
Verdammt
15%
brra-pa-pa-pap
14%
fast
14%
Present
13%
Keine übereinstimmenden Quizze gefunden
Verteilung der Resultate
Anzahl Personen mit jedem Resultat
Perzentil nach korrekt beantworteten Fragen
Ihre Resultats-Entwicklung
Sie haben dieses Quiz noch nicht gespielt